Statistiken für 10 am häufigsten genannten Harry Potter Zaubersprüche

Klicken Sie hier um das Quiz zu spielen!

Allgemein

  • Dieses Quiz wurde 2.844 mal gespielt
  • Das Durchschnittsergebnis liegt bei 5 aus 10

Antwortstatistiken

HäufigkeitZaubersprüche% Korrekt
24Avada Kedavra
86%
22Lumos
78%
27Expelliarmus
72%
27Stupor
68%
39Crucio
66%
140Expecto Patronum
63%
34Accio
51%
49Imperio
51%
18Riddikulus
10%
15Fidelius-Zauber
1%

Verteilung der Resultate

Perzentil nach korrekt beantworteten Fragen

Anzahl Personen mit jedem Resultat

Ihre Resultats-Entwicklung

Sie haben dieses Quiz noch nicht gespielt